Statystyki dla Skoczkowie narciarscy na podium klasyfikacji Turnieju 4 Skoczni

Kliknij tutaj aby rozwiązać quiz!

Ogólne statystyki

  • Ten quiz został rozwiązany 44 razy
    (3 od ostatniego zresetowania)
  • Średni wynik to 120 z 216

Statystyki odpowiedzi

SezonNarodowośćPozycjaZawodnik% Poprawnych
Polska3Adam Małysz
100%
2000/01Polska1Adam Małysz
100%
Norwegia3Anders Fannemel
100%
Norwegia2Anders Jacobsen
100%
2006/07Norwegia1Anders Jacobsen
100%
Austria2Andreas Felder
100%
1994/95Austria1Andreas Goldberger
100%
Austria2Andreas Goldberger
100%
Austria3Andreas Goldberger
100%
1992/93Austria1Andreas Goldberger
100%
Austria3Andreas Kofler
100%
2009/10Austria1Andreas Kofler
100%
Niemcy2Andreas Wellinger
100%
Niemcy2Andreas Wellinger
100%
1999/00Austria1Andreas Widholzl
100%
Słowenia3Anze Lanisek
100%
Norwegia3Daniel-Andre Tande
100%
Polska3Dawid Kubacki
100%
2019/20Polska1Dawid Kubacki
100%
Polska2Dawid Kubacki
100%
1989/90RFN1Dieter Thoma
100%
Niemcy3Dieter Thoma
100%
Niemcy3Dieter Thoma
100%
1993/94Norwegia1Espen Bredesen
100%
2011/12Austria1Gregor Schlierenzauer
100%
Austria3Gregor Schlierenzauer
100%
2012/13Austria1Gregor Schlierenzauer
100%
Austria2Gregor Schlierenzauer
100%
Norwegia3Halvor Egner Granerud
100%
2022/23Norwegia1Halvor Egner Granerud
100%
Czechy1Jakub Janda
100%
2005/06Finlandia1Janne Ahonen
100%
Finlandia3Janne Ahonen
100%
2004/05Finlandia1Janne Ahonen
100%
2007/08Finlandia1Janne Ahonen
100%
2002/03Finlandia1Janne Ahonen
100%
Finlandia2Janne Ahonen
100%
Finlandia2Janne Ahonen
100%
Finlandia2Janne Ahonen
100%
Finlandia3Janne Ahonen
100%
1998/99Finlandia1Janne Ahonen
100%
NRD2Jens Weissflog
100%
NRD3Jens Weissflog
100%
1990/91Niemcy1Jens Weissflog
100%
Niemcy2Jens Weissflog
100%
NRD2Jens Weissflog
100%
1984/85NRD1Jens Weissflog
100%
1995/96Niemcy1Jens Weissflog
100%
1983/84NRD1Jens Weissflog
100%
NRD2Jens Weissflog
100%
1953Austria1Josef Bradl
100%
Austria2Josef Bradl
100%
Austria3Josef Bradl
100%
2017/18Polska1Kamil Stoch
100%
2016/17Polska1Kamil Stoch
100%
2020/21Polska1Kamil Stoch
100%
Niemcy2Karl Geiger
100%
Niemcy3Karl Geiger
100%
1997/98Japonia1Kazuyoshi Funaki
100%
Japonia2Kazuyoshi Funaki
100%
Norwegia2Marius Lindvik
100%
Norwegia2Marius Lindvik
100%
Niemcy2Markus Eisenbichler
100%
Austria2Martin Hollwarth
100%
Austria3Martin Hollwarth
100%
Austria2Martin Hollwarth
100%
Austria2Martin Hollwarth
100%
Niemcy3Martin Schmitt
100%
Niemcy3Martin Schmitt
100%
Finlandia2Matti Hautamaki
100%
Austria2Michael Haybock
100%
Austria3Michael Haybock
100%
Niemcy3Michael Neumayer
100%
Japonia2Noriaki Kasai
100%
Japonia2Noriaki Kasai
100%
Słowenia3Peter Prevc
100%
2015/16Słowenia1Peter Prevc
100%
Słowenia3Peter Zonta
100%
Polska2Piotr Żyła
100%
1996/97Słowenia1Primoz Peterka
100%
Norwegia3Roar Ljokelsoy
100%
2018/19Japonia1Ryoyu Kobayashi
100%
2021/22Japonia1Ryoyu Kobayashi
100%
2023/24Japonia1Ryoyu Kobayashi
100%
Niemcy2Severin Freund
100%
2003/04Norwegia1Sigurd Pettersen
100%
Szwajcaria3Simon Ammann
100%
Szwajcaria2Simon Ammann
100%
Szwajcaria2Simon Ammann
100%
Szwajcaria3Simon Ammann
100%
2014/15Austria1Stefan Kraft
100%
Austria3Stefan Kraft
100%
Niemcy3Stephan Leyhe
100%
2001/02Niemcy1Sven Hannawald
100%
Niemcy2Sven Hannawald
100%
Niemcy2Sven Hannawald
100%
2013/14Austria1Thomas Diethart
100%
Austria3Thomas Morgenstern
100%
Austria2Thomas Morgenstern
100%
Austria2Thomas Morgenstern
100%
2010/11Austria1Thomas Morgenstern
100%
Austria2Thomas Morgenstern
100%
Norwegia3Tom Hilde
100%
Norwegia3Tom Hilde
100%
1991/92Finlandia1Toni Nieminen
100%
2008/09Austria1Wolfgang Loitzl
100%
Austria3Wolfgang Loitzl
100%
Finlandia2Ari-Pekka Nikkola
67%
Austria2Armin Kogler
67%
Japonia3Hideharu Miyahira
67%
Finlandia2Matti Nykanen
67%
Finlandia3Matti Nykanen
67%
Finlandia2Matti Nykanen
67%
1987/88Finlandia1Matti Nykanen
67%
1982/83Finlandia1Matti Nykanen
67%
Norwegia2Roger Ruud
67%
Norwegia2Bjorn Wirkola
33%
Norwegia3Bjorn Wirkola
33%
1966/67Norwegia1Bjorn Wirkola
33%
1967/68Norwegia1Bjorn Wirkola
33%
Norwegia2Bjorn Wirkola
33%
1968/69Norwegia1Bjorn Wirkola
33%
1985/86Austria1Ernst Vettori
33%
1986/87Austria1Ernst Vettori
33%
Austria2Franz Neulandtner
33%
Szwajcaria2Hansjorg Sumi
33%
Kanada3Horst Bulau
33%
1979/80Austria1Hubert Neuper
33%
1980/81Austria1Hubert Neuper
33%
Finlandia3Jari Puikkonen
33%
Finlandia3Jari Puikkonen
33%
Czechosłowacja3Jiri Parma
33%
Czechosłowacja2Jiri Raska
33%
Czechosłowacja2Jiri Raska
33%
1970/71Czechosłowacja1Jiri Raska
33%
1988/89Finlandia1Risto Laakkonen
33%
NRD3Ulf Findeisen
33%
Austria3Werner Rathmayr
33%
Austria2Albin Plank
0%
Norwegia3Arne Hoel
0%
Norwegia3Asgeir Dolplads
0%
Finlandia3Aulis Kallakorpi
0%
Austria3Baldur Preiml
0%
NRD3Bernd Eckstein
0%
Czechosłowacja3Dalibor Motejlek
0%
NRD2Dieter Neuendorf
0%
NRD3Dieter Neuendorf
0%
NRD3Dieter Neuendorf
0%
Austria2Edi Federer
0%
1961/62Finlandia1Eino Kirjonen
0%
Finlandia2Eino Kirjonen
0%
Finlandia2Eino Kirjonen
0%
Finlandia2Eino Kirjonen
0%
Czechosłowacja2Frantisek Jez
0%
ZSRR3Garij Napałkow
0%
Norwegia2Halvor Naes
0%
1973/74NRD1Hans-Georg Aschenbach
0%
NRD2Hans-Georg Aschenbach
0%
1960/61NRD1Helmut Recknagel
0%
1957/58NRD1Helmut Recknagel
0%
1958/59NRD1Helmut Recknagel
0%
Finlandia3Hemmo Silvennoinen
0%
1954/55Finlandia1Hemmo Silvennoinen
0%
NRD2Henry Glass
0%
NRD3Henry Glass
0%
NRD2Henry Glass
0%
1969/70NRD1Horst Queck
0%
1971/72Norwegia1Ingolf Mork
0%
Norwegia2Ingolf Mork
0%
Czechy3Jaroslav Sakala
0%
NRD3Jochen Danneberg
0%
1976/77NRD1Jochen Danneberg
0%
1975/76NRD1Jochen Danneberg
0%
Finlandia3Kalevi Karkinen
0%
1977/78Finlandia1Kari Ylianttila
0%
Austria2Karl Schnabl
0%
Austria3Karl Schnabl
0%
NRD3Klaus Ostwald
0%
NRD2Klaus Ostwald
0%
1981/82NRD1Manfred Deckert
0%
NRD3Martin Weber
0%
NRD3Martin Weber
0%
NRD2Matthias Buse
0%
1959/60RFN1Max Bolkart
0%
RFN3Max Bolkart
0%
RFN3Max Bolkart
0%
ZSRR3Nikołaj Kamienski
0%
1955/56ZSRR1Nikołaj Kamienski
0%
ZSRR2Nikołaj Szamow
0%
ZSRR3Nikołaj Szamow
0%
1953/54Norwegia1Olaf B. Bjornstad
0%
Austria2Otto Leodolter
0%
Austria3Otto Leodolter
0%
1978/79Finlandia1Pentti Kokkonen
0%
1956/57Finlandia1Pentti Uotinen
0%
Norwegia3Per Bergerud
0%
1972/73NRD1Rainer Schmidt
0%
Austria3Reinhard Schwarzenberger
0%
Austria3Reinhold Bachler
0%
Austria2Sepp Lichtenegger
0%
ZSRR3Siergiej Boczkow
0%
Finlandia3Tauno Kayhko
0%
1962/63Norwegia1Toralf Engan
0%
Norwegia2Torbjorn Yggeseth
0%
Norwegia2Torbjorn Yggeseth
0%
1964/65Norwegia1Torgeir Brandtzaeg
0%
Norwegia2Vegard Opaas
0%
1965/66Finlandia1Veikko Kankkonen
0%
1963/64Finlandia1Veikko Kankkonen
0%
Austria2Walter Habersatter
0%
Szwajcaria2Walter Steiner
0%
Szwajcaria2Walter Steiner
0%
Austria2Willi Egger
0%
1974/75Austria1Willi Pursti
0%
Czechosłowacja3Zbynek Hubac
0%
Czechosłowacja3Zbynek Hubac
0%

Rozkład punktacji

Percentyl według liczby udzielonych odpowiedzi

Procent ludzi z każdym wynikiem

Twoja historia wyników

Nie rozwiązałeś tego quizu od ostatniego zresetowania